South Asia: frontier policies, administrative problems and Lord Lansdowne (Record no. 350947)

000 -LEADER
fixed length control field 00529cam a22001457a 4500
008 - FIXED-LENGTH DATA ELEMENTS--GENERAL INFORMATION
fixed length control field 180718b1976 xxu||||| |||| 00| 0 eng d
082 ## - DEWEY DECIMAL CLASSIFICATION NUMBER
Classification number B3x54071 P434
100 ## - MAIN ENTRY--PERSONAL NAME
Personal name Perti, R.K.
245 ## - TITLE STATEMENT
Title South Asia: frontier policies, administrative problems and Lord Lansdowne
Statement of responsibility, etc. by R.K. Perti
260 ## - PUBLICATION, DISTRIBUTION, ETC.
Place of publication, distribution, etc. New Delhi
Name of publisher, distributor, etc. Oriental
Date of publication, distribution, etc. 1976
300 ## - PHYSICAL DESCRIPTION
Extent 328p.
650 ## - SUBJECT ADDED ENTRY--TOPICAL TERM
Topical term or geographic name entry element South Asia --Boundaries.
650 ## - SUBJECT ADDED ENTRY--TOPICAL TERM
Topical term or geographic name entry element India --Politics and government --19th century
650 ## - SUBJECT ADDED ENTRY--TOPICAL TERM
Topical term or geographic name entry element Lansdowne, Henry Charles Keith Petty-FitzMaurice, Marquess of, 1845-1927
Holdings
Withdrawn status Lost status Damaged status Not for loan Permanent Location Current Location Date acquired Full call number Barcode Date last seen Price effective from Koha item type
        Indian Institute of Public Administration Indian Institute of Public Administration 1993-11-09 B3x54071 P434 51651 2018-07-21 2018-07-21 Book

Powered by Koha